000 00753nam a2200289Ia 4500
008 160803s9999 xx 000 0 und d
020 _a9780545505505
100 _aHayes, Geoffrey
245 _aBenny and Penny in just pretend /
245 _cby Geoffrey Hayes.
260 _aNew York :
260 _bScholastic Inc.
260 _c2009
300 _a32 pages :
300 _bcolor illustrations ;
300 _c23 cm
650 _aBrothers and sisters --
650 _aComic books, strips, etc. --
650 _aGraphic novels --
650 _aMice --
650 _aReaders.
650 _xJuvenile fiction.
650 _xJuvenile fiction.
650 _xJuvenile fiction.
650 _xJuvenile fiction.
700 _aBR
999 _c298159
_d298159